[Event "Central-SRB chT 2018"]
[Site "Kragujevac"]
[Date "2018.09.15"]
[Round "3"]
[White "Perunovic, Miodrag"]
[Black "Barlov, Dragan"]
[Result "0-1"]
[WhiteElo "2433"]
[BlackElo "2414"]
[Annotator "TA"]
[PlyCount "120"]
[EventDate "2018.09.14"]
[EventType "team-tourn"]
[EventCountry "SRB"]
[SourceTitle "playchess.com"]
[Source "ChessBase"]
[SourceQuality "1"]

{[%evp 19,120,18,103,26,43,34,38,33,64,61,77,66,76,0,0,-50,-50,-59,0,-64,-57,-64,-58,-67,-68,-107,-74,-127,-121,-130,-103,-154,-53,-58,-56,-68,-63,-93,-80,-66,-85,-83,-24,-43,-37,-95,-67,-136,-32,-197,-213,-208,-55,-152,-131,-176,-140,-139,-140,-140,-140,-133,-128,-240,-137,-137,-137,-127,-133,-133,-127,-133,-88,-135,-145,-133,-118,-158,-138,-147,-156,-122,-108,-252,-239,-256,-249,-258,-212,-312,-312,-1002,-835,-1144,-413,-6140,-1517,-29976,-29976,-29977,-29977,-29972,-29974]} 1. d4 Nf6 2. c4 e6 3. Nf3 Bb4+ 4. Nbd2 b6 5. g3 Bb7 6. Bg2 O-O 7. O-O Bxd2 8. Qxd2 d6 9. b3 Nbd7 10. Bb2 {E16: Damenindisch (Hauptfortsetzung mit Lb4)} Qe7 {LiveBook: 19 Partien} (10... Re8 $11) (10... Be4 11. Rfe1 Qc8 12. Qe3 Qb7 13. h3 b5 14. c5 Qd5 15. Rac1 a5 16. Bf1 a4 17. Nd2 axb3 18. axb3 Ra2 {½-½ (58) Mamedyarov,S (2763)-Andreikin,D (2683) Moscow 2010}) 11. Bh3 $146 (11. d5 $1 $16) ({Vorgänger:} 11. Rfd1 Rfd8 12. Qc3 c5 13. d5 exd5 14. cxd5 Qxe2 15. Re1 Qb5 16. Nh4 Qb4 17. Qxb4 cxb4 18. Nf5 Kf8 19. Rac1 g6 20. Nxd6 Bxd5 {½-½ (58) Donchenko,A (2588)-Erenberg,A (2415) Batumi 2018}) 11... Rad8 12. Rad1 {Weiß steht etwas besser.} Rfe8 13. Rfe1 c5 14. d5 exd5 15. cxd5 Ne4 $1 {[%cal Re4d2]} 16. Qf4 ({Günstiger ist} 16. Qc1 $1 $16) 16... Ndf6 $11 17. Qc1 {und nun wäre Sh4 stark für Weiss.} (17. Nh4 {seems wilder.} Nxd5 18. Rxd5 Bxd5 19. Nf5 Qg5 20. Nxg7 Qxf4 21. gxf4 Nd2 22. Nxe8 Rxe8 23. Bc3) 17... Nxd5 ({Ein No Go ist} 17... Bxd5 $6 18. Nh4 $14) 18. Nh4 f6 (18... Qg5 $15) 19. Bg2 (19. Nf5 $11 Qc7 20. Bg2) 19... Qe6 $36 {[%mdl 2048] Schwarz hat Initiative.} 20. f3 Ng5 21. e4 Ne7 22. Bf1 {Schwarz sollte Lc4 verhindern.} Kh8 23. Qc3 (23. Bg2 $142) 23... Qc8 $17 24. Bc4 {Droht Dxf6! und aus.} Rf8 25. Qc1 (25. Bc1 $142) 25... Nf7 ({Besser ist} 25... d5 $17 26. exd5 Nxd5) 26. Re3 Ne5 27. Be2 Ba6 28. Qc2 Bxe2 29. Qxe2 Qe6 30. f4 Nf7 (30... N5c6 $17) 31. Qh5 Kg8 32. Rde1 (32. Ng2 $15) 32... Qc8 33. f5 (33. Rd3 $15) 33... d5 (33... Nc6 $17 34. Rd1 Nce5) 34. exd5 $2 (34. e5 $1 $15 Nxe5 35. Bxe5 fxe5 36. Rxe5) 34... Nxd5 $19 35. R3e2 c4 $2 (35... b5 $19 {zielt auf ...c4 ab.} 36. Nf3 Nb4) 36. bxc4 (36. Ba3 $15) 36... Qxc4 37. Nf3 Nb4 ({Schwächer ist} 37... Qxa2 38. Nd4 $11) 38. Re4 Qc5+ 39. Bd4 {[#]} Rxd4 $1 {[%mdl 512]} 40. Nxd4 (40. Rxd4 Ne5) 40... Ng5 41. Kg2 {[#]} (41. Kf1 $17 Nd3 42. R1e2 Qc1+ 43. Kg2 Nxe4 44. Rxe4) 41... Nc2 ({Jedoch nicht} 41... Nxe4 42. Rxe4 Qd5 43. Qf3) (41... Nd3 $1 $19 42. Qd1 Nxe1+ 43. Rxe1 Qd5+ 44. Nf3 Qxa2+ 45. Re2 Qf7 46. Nxg5 fxg5) 42. Nxc2 $17 {T4e2 ist eine echte Drohung.} Nxe4 43. Rxe4 {Und weiter mit Sd4 wäre nett.} Qxc2+ {[%mdl 4096] Endspiel KDT-KDT} 44. Re2 Qc4 45. Kh3 Qf7 46. Qg4 Rc8 47. Re6 h6 48. Qe2 Rc7 49. Kh4 Kh7 50. Kh3 Rd7 51. Kg2 {[#]} (51. Re4 $17 {war einen Versuch wert.}) 51... Rd5 $1 $19 52. Re7 {[#]} Rd2 $1 {[%mdl 512]} 53. Qxd2 Qxe7 {KD-KD} 54. Qd5 (54. Qd3 {war angesagt.}) 54... Qe2+ 55. Kh3 $2 (55. Kg1) 55... b5 56. Qf7 a5 {[%cal Ba7a5,Ba5b4,Bb4b3][%mdl 32]} 57. a3 (57. Qe6 $142 Qxe6 58. fxe6) 57... b4 (57... h5 $142 58. Qe6 Qxe6 59. fxe6 Kg6) 58. axb4 axb4 {Schwarz setzt Matt.} 59. g4 Qe3+ 60. Kg2 b3 {Precision: Weiß = 22%, Schwarz = 51%.} 0-1

[Event "Central-SRB chT 2018"]
[Site "Kragujevac"]
[Date "2018.09.15"]
[Round "3"]
[White "Radovanovic, Nikola"]
[Black "Zajic, Milan"]
[Result "1/2-1/2"]
[WhiteElo "2420"]
[BlackElo "2497"]
[Annotator "TA"]
[PlyCount "22"]
[EventDate "2018.09.14"]
[EventType "team-tourn"]
[EventCountry "SRB"]
[SourceTitle "playchess.com"]
[Source "ChessBase"]
[SourceQuality "1"]

{[%evp 12,22,0,0,0,0,0,0,0,0,0,0,0]} 1. d4 Nf6 {[%cal Bg8f6,Bf6e4,Be4c3][%mdl 32]} 2. c4 e6 3. Nc3 Bb4 4. Bd2 b6 5. e4 Bxc3 6. Bxc3 {E20: Nimzo-Indian: 4 g3 and 4 f3} Nxe4 7. Qg4 $1 {[%cal Rg4e4] LiveBook: 3 Games. The position is equal.} Nxc3 8. Qxg7 Ke7 {[#] aiming for ...Ne4.} 9. Qg5+ $146 ({Predecessor:} 9. bxc3 d6 10. Qg5+ Kd7 11. Qf4 Qe7 12. Nf3 Bb7 {1-0 (35) Granda Zuniga,J (2628)-Rivas Pastor,M (2514) Leon 2008}) 9... Ke8 10. Qg7 Ke7 $1 {Threatens to win with ...Ne4.} 11. Qg5+ Ke8 1/2-1/2

[Event "Central-SRB chT 2018"]
[Site "Kragujevac"]
[Date "2018.09.15"]
[Round "3"]
[White "Radovic, Janko"]
[Black "Radivojevic, Ivan"]
[Result "1-0"]
[WhiteElo "2405"]
[BlackElo "2360"]
[Annotator "ChessBase"]
[PlyCount "57"]
[EventDate "2018.09.14"]
[EventType "team-tourn"]
[EventCountry "SRB"]
[SourceTitle "playchess.com"]
[Source "ChessBase"]
[SourceQuality "1"]
[TimeControl "40/5400+30:1800+30"]

1. e4 {[%emt 0:00:00]} c6 {[%emt 0:00:50]} 2. d4 {[%emt 0:00:00]} d5 {[%emt 0:00:04]} 3. e5 {[%emt 0:00:00]} Bf5 {[%emt 0:00:05]} 4. h4 {[%emt 0:00:00]} Qb6 {[%emt 0:00:48]} 5. c4 {[%emt 0:01:53]} dxc4 {[%emt 0:00:06]} 6. Nc3 {[%emt 0:00:52]} Be6 {[%emt 0:00:31]} 7. Nf3 {[%emt 0:09:40]} Bd5 {[%emt 0:05:04]} 8. b3 {[%emt 0:04:28]} cxb3 {[%emt 0:04:58]} 9. Nxd5 {[%emt 0:06:07]} cxd5 {[%emt 0:01:15]} 10. Rb1 {[%emt 0:01:52]} e6 {[%emt 0:07:10]} 11. Rxb3 {[%emt 0:02:33]} Qc7 {[%emt 0:04:18]} 12. Bd2 {[%emt 0:08:59]} Nc6 {[%emt 0:01:40]} 13. Qb1 {[%emt 0:02:38]} Rb8 {[%emt 0:00:16]} 14. Bd3 {[%emt 0:04:08]} h5 {[%emt 0:17:10]} 15. O-O {[%emt 0:03:23]} Nge7 {[%emt 0:02:01]} 16. Rc1 {[%emt 0:02:06]} Qd7 {[%emt 0:05:13]} 17. a4 {[%emt 0:08:04]} Nd8 {[%emt 0:10:41]} 18. a5 {[%emt 0:02:51]} Rc8 {[%emt 0:02:41]} 19. a6 {[%emt 0:03:42]} bxa6 {[%emt 0:00:34]} 20. Bxa6 {[%emt 0:00:11]} Nec6 {[%emt 0:02:30]} 21. Bxc8 {[%emt 0:00:36]} Qxc8 {[%emt 0:00:05]} 22. Ba5 {[%emt 0:01:19]} Qd7 {[%emt 0:02:32]} 23. Bxd8 {[%emt 0:00:28]} Nxd8 {[%emt 0:00:02]} 24. Rbc3 {[%emt 0:03:04]} a5 {[%emt 0:01:20]} 25. Qb8 {[%emt 0:06:40]} Be7 {[%emt 0:06:56]} 26. Rc8 {[%emt 0:01:12]} Qa4 {[%emt 0:00:30]} 27. R1c7 {[%emt 0:00:56]} f6 {[%emt 0:02:50]} 28. Ra7 {[%emt 0:03:11]} Qa3 {[%emt 0:06:42]} 29. Qc7 {[%emt 0:00:59]} 1-0

[Event "Central-SRB chT 2018"]
[Site "Kragujevac"]
[Date "2018.09.15"]
[Round "3"]
[White "Dudukovic, Nikola"]
[Black "Nestorovic, Nikola"]
[Result "0-1"]
[WhiteElo "2404"]
[BlackElo "2453"]
[Annotator "TA"]
[PlyCount "78"]
[EventDate "2018.09.14"]
[EventType "team-tourn"]
[EventCountry "SRB"]
[SourceTitle "playchess.com"]
[Source "ChessBase"]
[SourceQuality "1"]

{[%evp 19,78,-8,0,-18,-12,-21,0,0,12,7,28,-43,-40,-53,-49,-53,-51,-59,-52,-55,-57,-60,-58,-67,-67,-64,-58,-61,-61,-74,-27,-46,-42,-75,-51,-47,-38,-50,-44,-89,-89,-97,-64,-255,-212,-201,-243,-237,-217,-275,-259,-286,-282,-304,-304,-652,-643,-1671,-1669,-1444,-1236]} 1. Nf3 d5 2. d4 Nf6 3. c4 c6 4. e3 Bf5 5. Nc3 e6 6. Be2 h6 7. O-O Nbd7 8. b3 Bd6 9. Bb2 {D12: Slav Defence: 3 Nf3 Nf6 4 e3 Bf5} O-O 10. h3 (10. Rc1 Qe7 11. h3 Ne4 12. Bd3 Nxc3 13. Bxc3 Bxd3 14. Qxd3 Bb4 15. Bxb4 Qxb4 16. e4 dxe4 17. Qxe4 {1-0 (28) Radjabov,T (2788)-Chadaev,N (2580) Astana 2012}) 10... Ne4 {LiveBook: 3 Games} 11. a3 $146 {The position is equal.} ({Predecessor:} 11. Nxe4 Bxe4 12. Nd2 {0-1 (37) Triapishko,O (2379)-Megaranto,S (2548) Moscow 2015}) 11... a5 12. Bd3 Ndf6 13. Ne2 Bh7 14. Ne5 Ng5 15. Ng3 ({White should try} 15. f3 $11) 15... Nfe4 $15 16. Bxe4 Nxe4 17. Nxe4 Bxe4 18. c5 Bc7 19. f3 Bh7 20. Bc3 Qe7 21. f4 f6 22. Ng4 h5 23. Nf2 Qe8 24. Qd2 h4 25. Ng4 {[%cal Bf2g4,Bg4h2,Bh2f3][%mdl 32]} Bf5 26. Nh2 Qh5 27. Qd1 Qg6 {aiming for ...Bxh3.} 28. Nf3 Qh6 29. Qc1 Rf7 30. Be1 Bd3 31. Bxh4 $2 (31. Rf2 $15) 31... Bxf1 $19 32. Qxf1 {[#]} e5 $1 {[%mdl 512]} 33. dxe5 fxe5 {[%cal Bf6e5,Be5f4][%mdl 32]} 34. Bg5 Qg6 35. g3 Re8 36. Nh4 Qe4 37. Qe2 $2 {[#]} (37. f5) 37... exf4 {Black is clearly winning.} 38. Qh5 Qxe3+ 39. Kh1 Qxg3 {Precision: White = 33%, Black = 64%.} 0-1

[Event "Central-SRB chT 2018"]
[Site "Kragujevac"]
[Date "2018.09.15"]
[Round "3"]
[White "Pavlovic, Dejan S"]
[Black "Radovic, Luka"]
[Result "1-0"]
[WhiteElo "2396"]
[BlackElo "2342"]
[Annotator "TA"]
[PlyCount "91"]
[EventDate "2018.09.14"]
[EventType "team-tourn"]
[EventCountry "SRB"]
[SourceTitle "playchess.com"]
[Source "ChessBase"]
[SourceQuality "1"]

{[%evp 15,91,9,35,28,35,19,50,13,10,10,16,5,15,0,20,8,20,22,121,100,106,101,102,102,95,108,104,105,129,111,101,122,124,108,146,142,148,150,160,109,109,109,175,169,242,204,189,191,185,193,195,197,204,197,285,8,8,20,17,0,118,81,85,0,0,0,5725,5506,29990,29991,29991,29992,29995,29988,29988,29989,29989,29990]} 1. e4 c5 2. Nf3 d6 3. d4 cxd4 4. Nxd4 Nf6 5. Nc3 a6 6. Be2 e5 7. Nb3 Be7 8. Bg5 Nbd7 9. a4 {B92: Sicilian Najdorf: 6 Be2} O-O (9... h6 10. Bh4 b6 11. Bc4 Bb7 12. Qd3 O-O 13. O-O Qc7 14. Bxf6 Nxf6 15. Nd2 Rfc8 16. Bb3 Qc5 {0-1 (99) Almasi,Z (2707)-Bindrich,F (2598) Douglas 2017}) 10. a5 h6 11. Bh4 {White is slightly better.} b5 12. axb6 Qxb6 $146 ({Predecessor:} 12... Nxb6 13. Na5 Qc7 14. Bxf6 Bxf6 15. O-O Be6 16. Nd5 Nxd5 17. exd5 {½-½ (48) Grigorian,R (2101)-Drnovsek,G (2232) Al Ain 2013}) 13. O-O Bb7 14. Qd3 Rfd8 15. Na5 Nc5 16. Qe3 {[#] Hoping for b4!} Qb4 ({But not} 16... Qxb2 $2 17. Rab1 $18) (16... g5 $1 $11) 17. Nxb7 Qxb7 18. Bxf6 Bxf6 19. Bc4 Bg5 20. Qf3 Ra7 21. b3 Ne6 22. Rfd1 Nd4 23. Qd3 a5 24. Ra4 Ne6 {Black wants to play ...Nc5.} 25. Ra2 Nc5 26. Qf3 Ne6 27. g3 (27. Nb5 $142) 27... Nd4 $16 28. Qd3 Qc8 (28... Rb8 $16) 29. Nd5 $18 Kh8 (29... Qb7 $142 30. h4 Be7) 30. f4 Be7 31. c3 Ne6 32. f5 Nc5 33. Qf3 Qb7 34. Kg2 Rc8 {[#]} (34... Bf8 $142 35. b4 axb4) 35. Rda1 $2 ({White must play} 35. f6 $1 $18 Bf8 36. fxg7+ Bxg7 37. Nf6) 35... Nxb3 $11 36. Bxb3 Qxb3 37. Rxa5 Rb7 (37... Qc2+ $11 {keeps the balance.} 38. Kh3 Rxa5 39. Rxa5 Bg5) 38. R1a2 $36 {[%mdl 2048] White is on the roll.} Bd8 39. f6 ({White should try} 39. Ra6 $16) 39... Bxa5 40. fxg7+ Kxg7 $2 {[%mdl 8192]} (40... Kg8 $11 41. Rxa5 Qc4) 41. Qg4+ $18 Kh7 42. Nf6+ {White mates.} Kh8 43. Qxc8+ Kg7 44. Nh5+ Kh7 45. Qf5+ Kg8 46. Rxa5 {Precision: White = 59%, Black = 40%.} 1-0

[Event "Central-SRB chT 2018"]
[Site "Kragujevac"]
[Date "2018.09.15"]
[Round "3"]
[White "Zlatanovic, Boroljub"]
[Black "Radovanovic, Dusan"]
[Result "1/2-1/2"]
[WhiteElo "2371"]
[BlackElo "2321"]
[Annotator "ChessBase"]
[PlyCount "80"]
[EventDate "2018.09.14"]
[EventType "team-tourn"]
[EventCountry "SRB"]
[SourceTitle "playchess.com"]
[Source "ChessBase"]
[SourceQuality "1"]
[TimeControl "40/5400+30:1800+30"]

1. c4 e5 2. Nc3 {[%emt 0:00:00]} Nc6 {[%emt 0:05:44]} 3. g3 {[%emt 0:00:28]} Bc5 {[%emt 0:00:17]} 4. Bg2 {[%emt 0:00:08]} a6 {[%emt 0:00:16]} 5. e3 {[%emt 0:01:27]} d6 {[%emt 0:00:11]} 6. Nge2 {[%emt 0:00:23]} Ba7 {[%emt 0:00:21]} 7. Nd5 Nge7 8. O-O O-O 9. b3 {[%emt 0:17:04]} Bf5 {[%emt 0:15:28]} 10. d3 {[%emt 0:05:28]} Qd7 {[%emt 0:00:46]} 11. Bb2 {[%emt 0:01:07]} Rac8 {[%emt 0:11:23]} 12. d4 {[%emt 0:08:12]} f6 {[%emt 0:05:21]} 13. Qd2 {[%emt 0:04:40]} Nxd5 {[%emt 0:06:11]} 14. cxd5 {[%emt 0:01:42]} Ne7 {[%emt 0:00:11]} 15. e4 {[%emt 0:02:36]} Bh3 {[%emt 0:00:16]} 16. Rad1 {[%emt 0:10:31]} Ng6 {[%emt 0:03:25]} 17. Qd3 {[%emt 0:09:34]} Bxg2 {[%emt 0:10:55]} 18. Kxg2 {[%emt 0:00:02]} f5 {[%emt 0:01:05]} 19. dxe5 {[%emt 0:02:50]} dxe5 {[%emt 0:02:49]} 20. f3 {[%emt 0:01:22]} f4 {[%emt 0:02:32]} 21. Rc1 {[%emt 0:06:16]} Be3 {[%emt 0:05:57]} 22. Rc2 {[%emt 0:00:52]} Rf6 {[%emt 0:00:50]} 23. Bc1 {[%emt 0:02:00]} Bb6 {[%emt 0:02:57]} 24. Ba3 {[%emt 0:03:16]} h5 {[%emt 0:10:19]} 25. Bc5 {[%emt 0:04:57]} Bxc5 {[%emt 0:00:50]} 26. Rxc5 {[%emt 0:00:08]} Rcf8 {[%emt 0:00:15]} 27. Qc4 {[%emt 0:04:22]} R8f7 {[%emt 0:00:37]} 28. Qc3 {[%emt 0:09:30]} fxg3 {[%emt 0:03:02]} 29. hxg3 {[%emt 0:00:09]} Qe7 {[%emt 0:02:18]} 30. Qe3 {[%emt 0:01:39]} h4 {[%emt 0:01:02]} 31. g4 {[%emt 0:02:00]} h3+ {[%emt 0:01:45]} 32. Kh2 {[%emt 0:00:59]} Rxf3 {[%emt 0:06:34]} 33. Rxf3 {[%emt 0:00:19]} Rxf3 {[%emt 0:00:01]} 34. Qxf3 {[%emt 0:00:19]} Qxc5 {[%emt 0:00:07]} 35. Qf5 {[%emt 0:01:33]} Nh4 {[%emt 0:01:54]} 36. Qh5 {[%emt 0:00:51]} Qf2+ {[%emt 0:01:32]} 37. Kxh3 {[%emt 0:00:02]} Nf3 {[%emt 0:00:43]} 38. Qe8+ {[%emt 0:00:06]} Kh7 {[%emt 0:00:02]} 39. Qh5+ {[%emt 0:00:04]} Kg8 {[%emt 0:00:05]} 40. Qe8+ {[%emt 0:00:00]} Kh7 {[%emt 0:00:00]} 1/2-1/2

[Event "Central-SRB chT 2018"]
[Site "Kragujevac"]
[Date "2018.09.15"]
[Round "3"]
[White "Ivanov, Mikhail M"]
[Black "Popchev, Milko"]
[Result "1/2-1/2"]
[WhiteElo "2367"]
[BlackElo "2267"]
[Annotator "ChessBase"]
[PlyCount "23"]
[EventDate "2018.09.14"]
[EventType "team-tourn"]
[EventCountry "SRB"]
[SourceTitle "playchess.com"]
[Source "ChessBase"]
[SourceQuality "1"]
[TimeControl "40/5400+30:1800+30"]

1. d4 {[%emt 0:00:00]} d6 {[%emt 0:00:21]} 2. g3 {[%emt 0:00:00]} g6 {[%emt 0:01:45]} 3. Bg2 {[%emt 0:00:00]} Bg7 {[%emt 0:00:21]} 4. Nf3 {[%emt 0:01:19]} Nd7 {[%emt 0:01:43]} 5. O-O {[%emt 0:01:17]} e5 {[%emt 0:01:03]} 6. e4 {[%emt 0:01:21]} Ngf6 {[%emt 0:00:54]} 7. Re1 {[%emt 0:00:15]} O-O {[%emt 0:01:09]} 8. h3 {[%emt 0:01:54]} Re8 {[%emt 0:02:29]} 9. Nc3 {[%emt 0:00:14]} b6 {[%emt 0:02:22]} 10. d5 {[%emt 0:04:40]} Bb7 {[%emt 0:04:21]} 11. Nd2 {[%emt 0:02:02]} Bh6 {[%emt 0:01:58]} 12. Nc4 {[%emt 0:00:31]} 1/2-1/2

[Event "Central-SRB chT 2018"]
[Site "Kragujevac"]
[Date "2018.09.15"]
[Round "3"]
[White "Ristic, Nenad"]
[Black "Petkov, Vladimir"]
[Result "1/2-1/2"]
[WhiteElo "2359"]
[BlackElo "2510"]
[Annotator "TA"]
[PlyCount "38"]
[EventDate "2018.09.14"]
[EventType "team-tourn"]
[EventCountry "SRB"]
[SourceTitle "playchess.com"]
[Source "ChessBase"]
[SourceQuality "1"]

{[%evp 20,21,62,41]} 1. d4 d5 2. Nf3 Nf6 3. c4 dxc4 4. e3 a6 5. Bxc4 e6 6. O-O c5 7. Nc3 Nc6 8. Qe2 cxd4 9. Rd1 Be7 10. exd4 O-O 11. a3 {Vorgänger:} Nd5 $146 12. Ba2 Re8 13. Qe4 Bf6 14. h4 Nce7 15. Ng5 Bxg5 16. Bxg5 Qd6 17. h5 h6 18. Bxe7 Nxe7 19. Bb1 f5 {1-0 (44) Bluebaum,M (2646)-Mareco,S (2650) Tbilisi 2017} 1/2-1/2

[Event "Central-SRB chT 2018"]
[Site "Kragujevac"]
[Date "2018.09.15"]
[Round "3"]
[White "Markovic, Zoran S"]
[Black "Nestorovic, Lazar"]
[Result "1-0"]
[WhiteElo "2346"]
[BlackElo "2353"]
[Annotator "TA"]
[PlyCount "111"]
[EventDate "2018.09.14"]
[EventType "team-tourn"]
[EventCountry "SRB"]
[SourceTitle "playchess.com"]
[Source "ChessBase"]
[SourceQuality "1"]

{[%evp 18,111,121,124,114,111,98,102,110,124,145,109,113,94,129,145,128,102,147,146,137,90,379,384,388,216,233,208,212,202,218,222,218,158,164,170,168,155,289,229,229,225,221,222,221,221,335,319,327,352,330,323,310,281,620,599,499,405,1033,1018,908,580,492,340,1165,1165,972,909,1165,1165,1172,1172,1172,1172,1165,1165,1309,968,1045,950,29960,29962,10637,6792,10637,4418,4614,3498,29973,29975,29974,29974,29977,29979,29974,29952]} 1. e4 c5 2. Nf3 d6 3. d4 cxd4 4. Nxd4 Nf6 5. Nc3 a6 6. Be2 Nbd7 7. Be3 Nc5 8. f3 e6 9. Qd2 Be7 {[#]} 10. g4 $1 {[%cal Bg2g4,Bg4g5][%mdl 32]} O-O {B84: Sicilian Scheveningen: 6 Be2 a6, lines without early Be3} 11. g5 Ne8 12. h4 $146 ({Predecessor:} 12. O-O-O d5 13. exd5 e5 14. Nb3 Nxb3+ 15. axb3 Nd6 16. h4 Bf5 17. Bd3 Rc8 18. Ne4 Nxe4 19. Bxe4 Bxe4 20. fxe4 {1-0 (30) Binas,J (2175)-Jerabek,Z (2221) ICCF email 2005}) 12... Nc7 {White is better.} 13. O-O-O Bd7 14. Nf5 exf5 15. Bxc5 $1 Nb5 16. Bxb5 axb5 17. Bxd6 Be6 18. exf5 Bxf5 19. a3 Ra6 $2 {[%mdl 8192] [#]} (19... Bxd6 $16 {was worth a try.} 20. Qxd6 Qxd6 21. Rxd6 b4 22. axb4 Ra1+ 23. Nb1 Rc8) 20. Bxe7 $18 Qxe7 21. Rhe1 (21. Nd5 $142 Qe8 22. h5) 21... Be6 {intending ...Rxa3.} 22. Nd5 ({Weaker is} 22. Nxb5 Qc5 $14) 22... Qc5 23. Qb4 Qxb4 24. Nxb4 Rb6 25. Rd4 f6 26. f4 Kf7 27. c3 Kg6 (27... Rc8 $16 28. Rf1 Bf5) 28. Nd5 Bxd5 29. Rxd5 fxg5 30. Rxg5+ {[%mdl 4096] Endgame KRR-KRR} Kh6 31. f5 Rc6 (31... Rf7 $142 32. Kc2 Rd7) 32. Re7 g6 33. fxg6 ({Resist} 33. Rxb7 Rxf5 34. Rxf5 gxf5 $18) 33... hxg6 34. Rxb5 b6 35. Ree5 Rc4 $2 (35... Rf1+ 36. Kc2 Rd6) 36. h5 Rf6 37. hxg6 Kxg6 (37... Rg4 $142 38. g7 Kxg7 39. Re7+ Kh6) 38. Rg5+ Kf7 39. Rgf5 Rxf5 40. Rxf5+ {KR-KR} Ke6 $2 (40... Ke7 41. Kc2 Rh4) 41. Rb5 Rc6 42. Rh5 Kd7 43. Rh7+ Kc8 44. Kc2 Rc5 45. b4 Rg5 46. Kb3 Kb8 47. a4 Rf5 48. Kc4 Rg5 49. Rd7 Rh5 50. Rd5 Rh7 51. Kb5 Kb7 52. c4 Rg7 53. a5 {White mates.} bxa5 54. Kxa5 Kc6 55. b5+ Kc7 56. Rh5 {Precision: White = 82%, Black = 29%.} 1-0

[Event "Central-SRB chT 2018"]
[Site "Kragujevac"]
[Date "2018.09.15"]
[Round "3"]
[White "Kostic, Vladimir G"]
[Black "Radovanovic, Jovica"]
[Result "1/2-1/2"]
[WhiteElo "2334"]
[BlackElo "2322"]
[Annotator "NA"]
[PlyCount "35"]
[EventDate "2018.09.14"]
[EventType "team-tourn"]
[EventCountry "SRB"]
[SourceTitle "playchess.com"]
[Source "ChessBase"]
[SourceQuality "1"]
[TimeControl "40/5400+30:1800+30"]

{[%evp 8,25,15,32767,32767,32767,32767,-8,32767,-10,-15,-15,6,-9,-8,-7,32767,-10,32767,0]} 1. e4 {[%emt 0:00:00]} c5 {[%emt 0:00:00]} 2. Nc3 {[%emt 0:00:00]} Nc6 {[%emt 0:00:00]} 3. Bb5 {[%emt 0:00:00]} Nd4 {[%emt 0:00:00]} 4. Bc4 {[%emt 0:00:00]} e6 {[%emt 0:00:42]} 5. Nf3 {[%emt 0:01:44]} Nf6 {[%emt 0:00:28]} 6. O-O {[%emt 0:01:55]} a6 {[%emt 0:00:35]} 7. Re1 {[%emt 0:02:33]} b5 {[%emt 0:05:06]} 8. Bf1 {[%emt 0:01:17]} Bb7 {[%emt 0:00:32]} 9. d3 {[%emt 0:01:15]} Nxf3+ {[%emt 0:05:13] LiveBook: 4 Games} 10. Qxf3 {[%emt 0:00:14]} Be7 {[%emt 0:02:44]} 11. Qg3 {[%emt 0:01:08]} O-O {[%emt 0:03:42]} 12. Be2 $11 {[%emt 0:14:56]} Kh8 {[%emt 0:05:11]} 13. Bf3 {[%emt 0:06:30]} Ne8 {[%emt 0:05:38]} 14. Bh5 {[%emt 0:14:00]} Nf6 {[%emt 0:11:30]} 15. Bf3 {[%emt 0:04:17]} Ne8 {[%emt 0:01:14]} 16. Bh5 {[%emt 0:03:37]} Nf6 {[%emt 0:04:35]} 17. Bf3 {[%emt 0:08:24]} Ne8 18. Bh5 1/2-1/2

[Event "Central-SRB chT 2018"]
[Site "Kragujevac"]
[Date "2018.09.15"]
[Round "3"]
[White "Sandic, Vladeta"]
[Black "Pantelic, Sasa"]
[Result "1/2-1/2"]
[WhiteElo "2324"]
[BlackElo "2294"]
[Annotator "NA"]
[PlyCount "54"]
[EventDate "2018.09.14"]
[EventType "team-tourn"]
[EventCountry "SRB"]
[SourceTitle "playchess.com"]
[Source "ChessBase"]
[SourceQuality "1"]
[TimeControl "40/5400+30:1800+30"]

1. d4 {[%emt 0:00:00]} Nf6 {[%emt 0:00:00]} 2. c4 {[%emt 0:00:00]} g6 {[%emt 0:00:00]} 3. Nc3 {[%emt 0:00:00]} Bg7 {[%emt 0:00:00]} 4. e4 {[%emt 0:00:08]} d6 {[%emt 0:00:00]} 5. h3 {[%emt 0:00:32]} O-O {[%emt 0:01:08]} 6. Nf3 {[%emt 0:00:14]} e5 {[%emt 0:00:26]} 7. d5 {[%emt 0:01:45]} Nbd7 {[%emt 0:00:57]} 8. Bg5 {[%emt 0:02:27]} h6 {[%emt 0:02:12]} 9. Be3 {[%emt 0:00:17]} Nc5 {[%emt 0:00:12]} 10. Nd2 {[%emt 0:00:43] LiveBook: 317 Games} a5 {[%emt 0:00:11]} 11. Be2 {[%emt 0:01:27]} b6 {[%emt 0:01:02]} 12. g4 {[%emt 0:03:21]} Qd7 {[%emt 0:03:47]} 13. Rg1 {[%emt 0:04:09]} Bb7 {[%emt 0:10:53]} 14. h4 {[%emt 0:01:15]} Nh7 {[%emt 0:00:56]} 15. Nb3 $16 {[%emt 0:05:31]} Qe7 {[%emt 0:06:26]} 16. g5 {[%emt 0:08:58]} h5 {[%emt 0:04:56]} 17. Qc2 {[%emt 0:03:28]} c6 {[%emt 0:02:22]} 18. Nxc5 {[%emt 0:02:08]} bxc5 {[%emt 0:00:08]} 19. O-O-O {[%emt 0:01:11]} cxd5 {[%emt 0:00:17]} 20. cxd5 {[%emt 0:03:56]} Ba6 {[%emt 0:03:36]} 21. Bxa6 {[%emt 0:02:06]} Rxa6 {[%emt 0:00:06]} 22. Nb5 {[%emt 0:06:29]} a4 {[%emt 0:08:37]} 23. Na3 {[%emt 0:00:47]} Rb8 {[%emt 0:01:43]} 24. Nc4 {[%emt 0:01:17]} Nf8 {[%emt 0:00:36]} 25. Rd3 {[%emt 0:01:41]} Nd7 {[%emt 0:02:01]} 26. Ra3 {[%emt 0:03:28]} Rba8 {[%emt 0:02:15]} 27. Bd2 {[%emt 0:02:14]} Bf8 1/2-1/2